Missing Word: Mystery Actresses III Quiz Stats

 Plays Quiz Updated Jul 6, 2012

Support Sporcle.
Go Orange.
Score 0/20 Timer 02:00
0 Plays Today
Answer % Correct
Black
95.9%
Tiffany's
95.1%
Strings
95.1%
Fair
95%
Rouge!
93.5%
Eyes
90.9%
Snow
87.6%
Vendetta
87.4%
War
87.1%
Job
83.9%
Answer % Correct
Natalie Portman
78.5%
Nicole Kidman
74.3%
Audrey Hepburn
73%
Away
67.5%
Advocate
67.2%
Joe
66.1%
Heart
64.5%
Holiday
58.8%
Thunder
58.2%
Charlize Theron
53.2%

Today's Daily Dose

Word Ladder
ING Words

Get the Picture
Nearest Volcano

From the Vault

19th Century Literature Match

by SporcleEXP

Gotta love the classics!
Remove Ads.
Support Sporcle.
Get the best of Sporcle when you Go Orange. This ad-free experience offers more features, more stats, and more fun while also helping to support Sporcle. Thank you for becoming a member.

Show Comments

Extras

Top Quizzes Today


Score Distribution

Your Account Isn't Verified!

In order to create a playlist on Sporcle, you need to verify the email address you used during registration. Go to your Sporcle Settings to finish the process.

Report this User

Report this user for behavior that violates our Community Guidelines.

Details: